书目信息 |
| 题名: |
办公室文员工作实操细节
|
|
| 作者: | 滕宝红 编著 | |
| 分册: | ||
| 出版信息: | 广州 广东经济出版社 2006.01 |
|
| 页数: | 279页 | |
| 开本: | 22cm | |
| 丛书名: | ||
| 单 册: | ||
| 中图分类: | F270 | |
| 科图分类: | ||
| 主题词: | ||
| 电子资源: | ||
| ISBN: | 7-80728-175-8 | |
| 000 | 00552nam0 2200181 450 | |
| 001 | 0638634894 | |
| 005 | 20060526152954.25 | |
| 010 | @a7-80728-175-8@dCNY 20.00 | |
| 100 | @a20060507d2006 km y0chiy0120 ea | |
| 101 | 0 | @achi |
| 102 | @aCN@b440000 | |
| 200 | 1 | @a办公室文员工作实操细节@Aban gong shi wen yuan gong zuo shi cao xi jie@f滕宝红编著@Fteng bao hong bian zhu |
| 210 | @a广州@c广东经济出版社@d2006.01 | |
| 215 | @a279页@d22cm | |
| 690 | @aF270@v4 | |
| 701 | 0 | @a滕宝红@Ateng bao hong@4编著 |
| 801 | 0 | @aCN@bPFT@c20060526 |
| 905 | @a10447@dF270@eT416 | |
| 办公室文员工作实操细节/滕宝红编著.-广州:广东经济出版社,2006.01 |
| 279页;22cm |
| ISBN 7-80728-175-8:CNY 20.00 |
| ● |
| 相关链接 |
|
|
|
正题名:办公室文员工作实操细节
索取号:F270/T416
 
预约/预借
| 序号 | 登录号 | 条形码 | 馆藏地/架位号 | 状态 | 备注 |
| 1 | 603944 | 206039446 | 社科库409/409社科库 84排4列3层/ [索取号:F270/T416] | 在馆 | |
| 2 | 603945 | 206039455 | 社科库409/409社科库 84排4列3层/ [索取号:F270/T416] | 在馆 | |
| 3 | 603946 | 206039464 | 社科库409/409社科库 84排4列3层/ [索取号:F270/T416] | 在馆 |